000 00400nam a22001697a 4500
005 20160526122113.0
008 160526b xxu||||| |||| 00| 0 eng d
020 _a9812-53-160-2
041 _aeng
082 _b5200
100 _aMeridith, Jack, R
_91303
245 _aProject Management
260 _aNew Delhi
_bAcademic Faundation
300 _a671
650 _aManagement
_9241
942 _cBK
999 _c1826
_d1825